[Event "PRO League Group Stage"]
[Site "chess.com INT"]
[Date "2018.01.25"]
[Round "2"]
[White "Checa, Nicolas"]
[Black "Quesada Perez, Yuniesky"]
[Result "0-1"]
[WhiteTitle "IM"]
[BlackTitle "GM"]
[WhiteElo "2486"]
[BlackElo "2627"]
[WhiteTeam "Montclair Sopranos"]
[BlackTeam "Miami Champions"]
[WhiteFideId "2069342"]
[BlackFideId "3504409"]
[EventDate "2018.01.18"]

1. Nf3 d5 2. c4 e6 3. d4 Nf6 4. Nc3 a6 5. cxd5 exd5 6. Bg5 Be6 7. e3 Nbd7 8. Bd3
h6 9. Bh4 g5 10. Bg3 Nh5 11. Be5 Ng7 12. Bg3 Nh5 13. Qc2 Nxg3 14. hxg3 Bg7 15.
O-O-O c6 16. Kb1 Qe7 17. Rhe1 O-O-O 18. e4 dxe4 19. Bxe4 Kb8 20. Bf5 Bxf5 21.
Rxe7 Bxc2+ 22. Kxc2 Rhf8 23. Ne5 Nb6 24. f4 gxf4 25. gxf4 Nc8 26. Rd7 Nd6 27. d5
Bxe5 28. Rxd8+ Rxd8 29. fxe5 Nc4 30. Re1 cxd5 31. b3 Na5 32. Rf1 Nc6 33. Rxf7
Nxe5 34. Rf5 Nc6 35. Kd2 Rg8 36. Nxd5 Rxg2+ 37. Kc3 Rxa2 38. Rh5 Ra5 39. b4 Rb5
40. Rf5 Ka7 41. Ne3 Rxf5 42. Nxf5 h5 43. Kc4 Kb6 44. Nh4 a5 45. bxa5+ Kxa5 46.
Nf3 b5+ 47. Kc5 Na7 48. Nh4 b4 49. Kc4 Ka4 50. Nf5 Nc6 51. Ne3 h4 52. Kd3 h3 53.
Nf1 b3 0-1

[Event "PRO League Group Stage"]
[Site "chess.com INT"]
[Date "2018.01.25"]
[Round "2"]
[White "Roberson, Peter T"]
[Black "Hjartarson, Johann"]
[Result "1/2-1/2"]
[WhiteTitle "IM"]
[BlackTitle "GM"]
[WhiteElo "2412"]
[BlackElo "2536"]
[WhiteTeam "London Towers"]
[BlackTeam "Reykjavik Puffins"]
[WhiteFideId "412384"]
[BlackFideId "2300044"]
[EventDate "2018.01.18"]

1. e4 Nf6 2. e5 Nd5 3. d4 d6 4. Nf3 Bg4 5. Be2 e6 6. O-O Be7 7. c4 Nb6 8. exd6
cxd6 9. Nc3 O-O 10. Be3 d5 11. c5 Bxf3 12. gxf3 Nc8 13. f4 Nc6 14. Bd3 Bf6 15.
Ne2 N8e7 16. a3 g6 17. b4 a6 18. Rb1 Bg7 19. Kh1 Kh8 20. a4 Nf5 21. Bxf5 gxf5
22. Ng1 Qh4 23. Nf3 Qh3 24. Rg1 Bf6 25. Rg3 Qh5 26. Qf1 Rg8 27. Rh3 Qg4 28. Rg3
Qh5 29. Rh3 Qg4 30. Rg3 1/2-1/2

[Event "PRO League Group Stage"]
[Site "chess.com INT"]
[Date "2018.01.25"]
[Round "2"]
[White "Roberson, Peter T"]
[Black "Gunnarsson, Jon Viktor"]
[Result "0-1"]
[WhiteTitle "IM"]
[BlackTitle "IM"]
[WhiteElo "2412"]
[BlackElo "2466"]
[WhiteTeam "London Towers"]
[BlackTeam "Reykjavik Puffins"]
[WhiteFideId "412384"]
[BlackFideId "2300931"]
[EventDate "2018.01.18"]

1. e4 c5 2. Nc3 e6 3. f4 a6 4. Nf3 b5 5. d3 Bb7 6. Be2 d5 7. O-O b4 8. exd5 bxc3
9. dxe6 fxe6 10. bxc3 Nf6 11. Ng5 Bc8 12. Rb1 Bd6 13. Bg4 Nxg4 14. Qxg4 O-O 15.
Be3 Nc6 16. Nxe6 Bxe6 17. Qxe6+ Kh8 18. Kh1 Rf6 19. Qe4 Rc8 20. f5 h6 21. Rb7
Rc7 22. Rfb1 Qf8 23. g4 Nd8 24. R7b6 Re7 25. Qf3 Nf7 26. Rxa6 Ne5 27. Qd5 Nxg4
28. Ra8 Re8 29. Rxe8 Qxe8 30. Bxc5 Bxc5 31. Qxc5 Qh5 32. Qg1 Rxf5 33. Qg2 Rf8
34. h3 Nf2+ 35. Kh2 Nxh3 36. Qg3 Rf2+ 37. Kh1 Qd5+ 0-1

[Event "PRO League Group Stage"]
[Site "chess.com INT"]
[Date "2018.01.25"]
[Round "2"]
[White "Shabalov, Alexander"]
[Black "Hambleton, Aman"]
[Result "1-0"]
[WhiteTitle "GM"]
[BlackTitle "IM"]
[WhiteElo "2544"]
[BlackElo "2501"]
[WhiteTeam "Pittsburgh Pawngrabbers"]
[BlackTeam "Montreal Chessbrahs"]
[WhiteFideId "2008572"]
[BlackFideId "2606577"]
[EventDate "2018.01.18"]

1. e4 c5 2. Nc3 e6 3. Nf3 Nc6 4. d4 cxd4 5. Nxd4 Qc7 6. f4 a6 7. Nxc6 Qxc6 8.
Bd3 b5 9. Qe2 Bb7 10. Bd2 Nf6 11. e5 Nd5 12. Be4 Qc5 13. O-O-O Nxc3 14. Bxc3
Bxe4 15. Qxe4 Qc6 16. Qd3 Be7 17. g4 h5 18. f5 hxg4 19. f6 gxf6 20. exf6 Bc5 21.
Kb1 O-O-O 22. Be5 Rh5 23. Qe2 Qf3 24. Rhe1 Qxe2 25. Rxe2 d5 26. Rd3 Bd6 27. Bxd6
Rxd6 28. a4 Rf5 29. axb5 axb5 30. Rd4 Rf1+ 31. Ka2 Ra6+ 32. Kb3 Ra4 33. Rb4
Rxb4+ 34. Kxb4 Rxf6 35. Kxb5 Kc7 36. b4 Rf1 37. Kc5 Rf4 38. Kb5 Rc4 39. Ka5 Kc6
40. Rf2 f5 41. Re2 Kd6 42. b5 f4 43. b6 Rc8 44. b7 Rb8 45. Kb6 f3 46. Rd2 e5 47.
c4 e4 48. c5+ Ke5 49. c6 e3 50. Rb2 f2 51. c7 Rxb7+ 52. Kxb7 f1=Q 53. c8=Q d4
54. Qe8+ Kd5 55. Qd7+ Ke4 56. Qe6+ Kd3 57. Qa6+ Kc3 58. Qxf1 Kxb2 59. Qd3 1-0

[Event "PRO League Group Stage"]
[Site "chess.com INT"]
[Date "2018.01.25"]
[Round "2"]
[White "Shabalov, Alexander"]
[Black "Castellanos Rodriguez, Renier"]
[Result "1/2-1/2"]
[WhiteTitle "GM"]
[BlackTitle "IM"]
[WhiteElo "2544"]
[BlackElo "2501"]
[WhiteTeam "Pittsburgh Pawngrabbers"]
[BlackTeam "Montreal Chessbrahs"]
[WhiteFideId "2008572"]
[BlackFideId "3404650"]
[EventDate "2018.01.18"]

1. e4 c5 2. Nc3 e6 3. Nf3 a6 4. g3 d6 5. Bg2 Nc6 6. O-O Nf6 7. d3 Be7 8. Ng5 h6
9. Nh3 Qc7 10. f4 O-O 11. g4 Nh7 12. g5 hxg5 13. fxg5 Ne5 14. Be3 Bd7 15. Qh5
Be8 16. Qe2 Qd8 17. Qd2 Ng4 18. Bf4 f6 19. gxf6 Bxf6 20. Ne2 Qe7 21. c3 Bc6 22.
Bg3 e5 23. c4 Bh4 24. Nc3 Bxg3 25. hxg3 Nhf6 26. Qe2 Bd7 27. Bf3 Nh6 28. Nf2 g6
29. Kg2 Kg7 30. Rh1 Rh8 31. Rh4 Rh7 32. Nh3 Nf7 33. Rxh7+ Kxh7 34. Rh1 Kg7 35.
Qe3 Rh8 36. Nf2 Rxh1 37. Kxh1 b5 38. a3 bxc4 39. dxc4 a5 40. Qd2 Bc6 41. Kg1 Qb7
42. Kf1 Qb3 43. Be2 Bd7 44. Nfd1 Bh3+ 45. Ke1 Be6 46. Ne3 Qb8 47. Kd1 Qh8 48.
Kc2 Qh1 49. Bd3 Qf3 50. Nf1 Nd7 51. Qe3 Qf6 52. Nd2 Nb8 53. Nd5 Qd8 54. Kb1 Nc6
55. Nf3 Nd4 56. Bc2 Bxd5 57. exd5 Qf6 58. Nd2 Ng5 59. Bd3 Nf5 60. Qf2 Nd4 61.
Qe3 Nf5 62. Qf2 Nd4 63. Qe3 Nf5 1/2-1/2

[Event "PRO League Group Stage"]
[Site "chess.com INT"]
[Date "2018.01.25"]
[Round "2"]
[White "Quesada Perez, Yuniesky"]
[Black "Lenderman, Aleksandr"]
[Result "0-1"]
[WhiteTitle "GM"]
[BlackTitle "GM"]
[WhiteElo "2627"]
[BlackElo "2611"]
[WhiteTeam "Miami Champions"]
[BlackTeam "Montclair Sopranos"]
[WhiteFideId "3504409"]
[BlackFideId "2021285"]
[EventDate "2018.01.18"]

1. e4 e6 2. d4 d5 3. Nc3 Nf6 4. e5 Nfd7 5. Nce2 c5 6. c3 Nc6 7. Nf3 b6 8. Nf4
Be7 9. a3 a5 10. Bb5 Qc7 11. Qe2 a4 12. h4 h6 13. Be3 Na5 14. Bxa4 Ba6 15. Bb5
Bxb5 16. Qxb5 Nc4 17. Bc1 cxd4 18. cxd4 Nxa3 19. Qd3 Nc2+ 20. Qxc2 Bb4+ 21. Kd1
Qxc2+ 22. Kxc2 Rxa1 23. Rh3 O-O 24. Be3 Rc8+ 25. Kb3 Bf8 26. g4 Nb8 27. g5 Nc6
28. Bd2 Na5+ 29. Bxa5 bxa5 0-1

[Event "PRO League Group Stage"]
[Site "chess.com INT"]
[Date "2018.01.25"]
[Round "2"]
[White "Quesada Perez, Yuniesky"]
[Black "Patel, Advait"]
[Result "1-0"]
[WhiteTitle "GM"]
[BlackTitle "IM"]
[WhiteElo "2627"]
[BlackElo "2478"]
[WhiteTeam "Miami Champions"]
[BlackTeam "Montclair Sopranos"]
[WhiteFideId "3504409"]
[BlackFideId "2075105"]
[EventDate "2018.01.18"]

1. e4 e5 2. Nf3 Nc6 3. Bb5 a6 4. Ba4 Nf6 5. O-O b5 6. Bb3 Bc5 7. a4 Rb8 8. Nxe5
Nxe5 9. d4 Bxd4 10. Qxd4 d6 11. Bf4 O-O 12. Nc3 c5 13. Qd2 c4 14. Ba2 Bb7 15.
axb5 axb5 16. Nxb5 Nxe4 17. Qe3 Qf6 18. f3 Ba8 19. Nc7 Nc5 20. Bxe5 Qxe5 21.
Qxe5 dxe5 22. Nxa8 Rxa8 23. Bxc4 Na4 24. Bd5 Rad8 25. Bxf7+ Kxf7 26. Rxa4 Rd2
27. Rc4 Rfd8 28. g3 R8d4 29. Rxd4 exd4 30. Rf2 Rd1+ 31. Kg2 Rb1 32. b3 Ke6 33.
Rd2 Ke5 34. h4 Rb2 35. Kf2 g6 36. Ke2 Rb1 37. Rd1 Rb2 38. Kd3 Kd5 39. Ra1 Ke5
40. Kd2 1-0

[Event "PRO League Group Stage"]
[Site "chess.com INT"]
[Date "2018.01.25"]
[Round "2"]
[White "Castellanos Rodriguez, Renier"]
[Black "Brattain, Mika"]
[Result "0-1"]
[WhiteTitle "IM"]
[WhiteElo "2501"]
[BlackElo "2404"]
[WhiteTeam "Montreal Chessbrahs"]
[BlackTeam "Pittsburgh Pawngrabbers"]
[WhiteFideId "3404650"]
[BlackFideId "2071142"]
[EventDate "2018.01.18"]

1. d4 d5 2. Nf3 Nf6 3. c4 e6 4. g3 Be7 5. Bg2 O-O 6. b3 Nbd7 7. O-O c6 8. Nc3 b6
9. Bb2 Ba6 10. Qd3 c5 11. Nb5 dxc4 12. bxc4 Bb7 13. Rfd1 a6 14. Nc3 cxd4 15.
Nxd4 Bxg2 16. Kxg2 Qc7 17. Nf3 Rac8 18. Ne4 Qxc4 19. Bxf6 Nxf6 20. Nxf6+ Bxf6
21. Rab1 b5 22. Qa3 Qxe2 23. Qxa6 Rc3 24. Qb7 e5 25. Rd2 Qc4 26. Qxb5 e4 27. Ne5
Qe6 28. Nd7 Rfc8 29. Qd5 Qg4 30. Nxf6+ gxf6 31. Rb7 Qg6 32. Re2 f5 33. Rb5 Qg4
34. Rd2 Qf3+ 35. Kh3 R3c6 0-1

[Event "PRO League Group Stage"]
[Site "chess.com INT"]
[Date "2018.01.25"]
[Round "2"]
[White "Castellanos Rodriguez, Renier"]
[Black "Liang, Awonder"]
[Result "0-1"]
[WhiteTitle "IM"]
[BlackTitle "GM"]
[WhiteElo "2501"]
[BlackElo "2572"]
[WhiteTeam "Montreal Chessbrahs"]
[BlackTeam "Pittsburgh Pawngrabbers"]
[WhiteFideId "3404650"]
[BlackFideId "2056437"]
[EventDate "2018.01.18"]

1. e4 e5 2. Nf3 Nc6 3. Bb5 a6 4. Ba4 Nf6 5. d3 b5 6. Bb3 Be7 7. a4 b4 8. O-O O-O
9. Nbd2 d6 10. a5 Rb8 11. h3 h6 12. Re1 Be6 13. Nc4 Nd7 14. Be3 Bf6 15. Nh2 Bg5
16. Ba4 Bxe3 17. Nxe3 Ne7 18. c3 Nc5 19. Bc2 bxc3 20. bxc3 Bb3 21. d4 Bxc2 22.
Qxc2 Ne6 23. Rad1 Qe8 24. Nf5 Ng6 25. Ng4 h5 26. Nh2 Qb5 27. Nf3 Qxa5 28. Ra1
Qb6 29. g3 Qb3 30. Qd2 Qc4 31. Ne3 Qb5 32. Qa2 Qd3 33. Nd5 c6 34. Re3 Qb5 35.
Nb4 exd4 0-1

[Event "PRO League Group Stage"]
[Site "chess.com INT"]
[Date "2018.01.25"]
[Round "2"]
[White "Gunina, Valentina"]
[Black "Maurizzi, Marc Andria"]
[Result "1-0"]
[WhiteTitle "GM"]
[BlackTitle "CM"]
[WhiteElo "2502"]
[BlackElo "2018"]
[WhiteTeam "Cannes Blockbusters"]
[BlackTeam "Marseille Migraines"]
[WhiteFideId "4167570"]
[BlackFideId "36083534"]
[EventDate "2018.01.18"]

1. e4 c5 2. Nf3 Nc6 3. Bb5 g6 4. Bxc6 dxc6 5. O-O Bg7 6. d3 Nf6 7. h3 O-O 8. Qe2
Nd7 9. Nc3 e5 10. Be3 Re8 11. a4 Qe7 12. Nh2 Nf8 13. f4 exf4 14. Rxf4 Ne6 15.
Rf2 Nd4 16. Qd2 Be6 17. Raf1 Qd7 18. Bg5 b6 19. Bf6 Bxf6 20. Rxf6 Rad8 21. Nd1
c4 22. Nf2 cxd3 23. cxd3 h5 24. g4 Qe7 25. Qg5 Kg7 26. gxh5 Rh8 27. Nfg4 Ne2+
28. Kg2 Bxg4 29. Nxg4 Rd6 30. hxg6 Rxf6 31. Rxf6 Nd4 32. Rxf7+ 1-0

[Event "PRO League Group Stage"]
[Site "chess.com INT"]
[Date "2018.01.25"]
[Round "2"]
[White "Gunina, Valentina"]
[Black "Maze, Sebastien"]
[Result "1/2-1/2"]
[WhiteTitle "GM"]
[BlackTitle "GM"]
[WhiteElo "2502"]
[BlackElo "2620"]
[WhiteTeam "Cannes Blockbusters"]
[BlackTeam "Marseille Migraines"]
[WhiteFideId "4167570"]
[BlackFideId "613762"]
[EventDate "2018.01.18"]

1. e4 c5 2. Nf3 Nc6 3. Bb5 g6 4. Bxc6 bxc6 5. O-O Bg7 6. Re1 Nh6 7. c3 O-O 8. d4
Qb6 9. Qc2 d6 10. dxc5 Qxc5 11. Be3 Qh5 12. Nbd2 Ng4 13. Bf4 e5 14. Bg3 Be6 15.
Qa4 Rfc8 16. Nc4 Bxc4 17. Qxc4 Nf6 18. Qd3 Bf8 19. h3 Rab8 20. Re2 Nd7 21. Rd1
Be7 22. Nh2 Qh6 23. Ng4 Qf8 24. f4 h5 25. Ne3 exf4 26. Bxf4 Ne5 27. Qa6 Rc7 28.
Nc4 Nxc4 29. Qxc4 Rd8 30. Rf2 Qe8 31. Rfd2 Qf8 32. e5 d5 33. Rxd5 Bc5+ 34. Rxc5
Rxd1+ 35. Kh2 Qe8 36. e6 Rc8 37. Re5 Rd5 38. Rxd5 cxd5 39. exf7+ Kxf7 40. Qxd5+
Qe6 41. Qd4 a6 42. b3 Re8 43. c4 Qe4 44. Qd2 Qe2 45. Qd5+ Qe6 46. Qd2 Qe2 47.
Qd5+ Qe6 48. Qd2 Qe2 1/2-1/2

[Event "PRO League Group Stage"]
[Site "chess.com INT"]
[Date "2018.01.25"]
[Round "2"]
[White "Skuhala, Luka"]
[Black "Meier, Georg"]
[Result "1/2-1/2"]
[BlackTitle "GM"]
[WhiteElo "2059"]
[BlackElo "2647"]
[WhiteTeam "Ljubljana Turtles"]
[BlackTeam "Stockholm Snowballs"]
[WhiteFideId "14605678"]
[BlackFideId "4675789"]
[EventDate "2018.01.18"]

1. e4 e6 2. d4 d5 3. exd5 exd5 4. Bd3 Nc6 5. c3 Bd6 6. Qf3 Nf6 7. h3 O-O 8. Bf4
Re8+ 9. Ne2 Ne4 10. Bxd6 Qxd6 11. O-O Bd7 12. Ng3 Nf6 13. Na3 Ne7 14. Nc2 Ng6
15. Rae1 Nh4 16. Qd1 g6 17. Qc1 Bxh3 18. Rxe8+ Rxe8 19. gxh3 Qd7 20. Kh2 Nf3+
21. Kg2 Nh4+ 22. Kh2 Nf3+ 23. Kg2 Nh4+ 24. Kh2 1/2-1/2

[Event "PRO League Group Stage"]
[Site "chess.com INT"]
[Date "2018.01.25"]
[Round "2"]
[White "Skuhala, Luka"]
[Black "Agrest, Inna"]
[Result "1-0"]
[BlackTitle "WIM"]
[WhiteElo "2059"]
[BlackElo "2280"]
[WhiteTeam "Ljubljana Turtles"]
[BlackTeam "Stockholm Snowballs"]
[WhiteFideId "14605678"]
[BlackFideId "1708830"]
[EventDate "2018.01.18"]

1. e4 e5 2. Nf3 Nc6 3. Bc4 Nf6 4. d3 Bc5 5. O-O a6 6. c3 Ba7 7. Re1 d6 8. Bb3 h6
9. h3 O-O 10. Nbd2 Nh5 11. Nf1 Nf4 12. Ng3 Qf6 13. d4 g6 14. Be3 Na5 15. Bc2 Nc4
16. Bc1 c5 17. b3 Na5 18. dxe5 dxe5 19. Bxf4 Qxf4 20. Nf5 Bxf5 21. g3 Rad8 22.
Qe2 Qxf3 23. Qxf3 Be6 24. Rad1 Nc6 25. Rxd8 Rxd8 26. Rd1 Rxd1+ 27. Qxd1 Bb8 28.
Bd3 h5 29. Bc4 Bxh3 30. Qd5 Be6 31. Qxc5 Ba7 32. Qd6 Bb8 33. Qd3 Bh3 34. Bd5 Nd8
35. Kh2 Bg4 36. f3 Be6 37. Bxe6 Nxe6 38. Qd7 Bc7 39. Qc8+ Kg7 40. Qxb7 1-0

[Event "PRO League Group Stage"]
[Site "chess.com INT"]
[Date "2018.01.25"]
[Round "2"]
[White "Jones, Gawain C B"]
[Black "Hjartarson, Johann"]
[Result "1-0"]
[WhiteTitle "GM"]
[BlackTitle "GM"]
[WhiteElo "2640"]
[BlackElo "2536"]
[WhiteTeam "London Towers"]
[BlackTeam "Reykjavik Puffins"]
[WhiteFideId "409561"]
[BlackFideId "2300044"]
[EventDate "2018.01.18"]

1. e4 Nf6 2. e5 Nd5 3. d4 d6 4. c4 Nb6 5. f4 dxe5 6. fxe5 Nc6 7. Be3 Bf5 8. Nc3
e6 9. Nf3 Be7 10. Be2 O-O 11. O-O f6 12. Qe1 fxe5 13. dxe5 Nd7 14. Rd1 Qe8 15.
Qg3 Bc5 16. Qf2 b6 17. a3 a5 18. Nb5 Rc8 19. Bxc5 Nxc5 20. Qe3 Bc2 21. Rc1 Qg6
22. Rf2 a4 23. Rcf1 Qe4 24. Qd2 Bd3 25. Ng5 Qxe5 26. Bxd3 Nxd3 27. Qxd3 Qxg5 28.
Rxf8+ Rxf8 29. Rxf8+ Kxf8 30. Qf3+ Ke7 31. Qxc6 Qc1+ 32. Kf2 Qd2+ 33. Kg3 Qd3+
34. Kh4 Qe3 35. Qxc7+ Kf6 36. Qd8+ Kg6 37. Qe8+ Kf6 38. Qf8+ Kg6 39. Qf3 Qg5+
40. Kh3 Qh6+ 41. Kg3 Qc1 42. Qg4+ Kf6 43. Qf4+ 1-0

[Event "PRO League Group Stage"]
[Site "chess.com INT"]
[Date "2018.01.25"]
[Round "2"]
[White "Jones, Gawain C B"]
[Black "Gunnarsson, Jon Viktor"]
[Result "1-0"]
[WhiteTitle "GM"]
[BlackTitle "IM"]
[WhiteElo "2640"]
[BlackElo "2466"]
[WhiteTeam "London Towers"]
[BlackTeam "Reykjavik Puffins"]
[WhiteFideId "409561"]
[BlackFideId "2300931"]
[EventDate "2018.01.18"]

1. a3 g6 2. g3 Bg7 3. Bg2 d5 4. Nf3 Nf6 5. O-O O-O 6. d3 c5 7. b4 Nbd7 8. Bb2 b6
9. c4 Bb7 10. cxd5 Bxd5 11. Nc3 Bb7 12. Qb3 Rc8 13. Rac1 Qc7 14. Qa2 Qb8 15.
Rfd1 e6 16. bxc5 Nxc5 17. Nb5 Bd5 18. Qb1 a6 19. Be5 Qa8 20. Nd6 Rcd8 21. e4 Bb3
22. Re1 Ba4 23. Bxf6 Bxf6 24. e5 Bg7 25. d4 Nb3 26. Rc7 Qd5 27. Ng5 Qxd4 28. Rc4
Rxd6 29. Rxd4 Rxd4 30. Nf3 Rd7 31. h4 Rfd8 32. h5 b5 33. Qe4 Na5 34. hxg6 hxg6
35. Qh4 Nc4 36. Re4 Bc2 37. Rf4 Nxe5 38. Ng5 Re7 39. Ne4 Ree8 40. Nf6+ Bxf6 41.
Qxf6 Nd7 42. Qb2 e5 43. Rh4 Bf5 44. g4 Be6 45. Qc1 Kg7 46. Qh6+ Kf6 47. Rh3 Ke7
48. Qg5+ Kf8 49. Rh8+ Kg7 50. Qh6+ Kf6 51. Qh4+ Kg7 52. Rh7+ Kf8 53. Bc6 Kg8 54.
Qh6 1-0

[Event "PRO League Group Stage"]
[Site "chess.com INT"]
[Date "2018.01.25"]
[Round "2"]
[White "Hansen, Torbjorn Ringdal"]
[Black "Puranik, Abhimanyu"]
[Result "1-0"]
[WhiteTitle "GM"]
[BlackTitle "GM"]
[WhiteElo "2410"]
[BlackElo "2520"]
[WhiteTeam "Norway Gnomes"]
[BlackTeam "Mumbai Movers"]
[WhiteFideId "1501720"]
[BlackFideId "5061245"]
[EventDate "2018.01.18"]

1. e4 e5 2. Nf3 Nc6 3. Bb5 a6 4. Ba4 Nf6 5. O-O b5 6. Bb3 Bc5 7. a4 Rb8 8. Nxe5
Nxe5 9. d4 Bxd4 10. Qxd4 d6 11. Bf4 O-O 12. Nc3 c5 13. Qe3 c4 14. Ba2 Be6 15.
Rfd1 Qc7 16. f3 b4 17. Ne2 b3 18. Bb1 bxc2 19. Bxc2 Rxb2 20. Qc3 Rfb8 21. Rac1
Nfd7 22. Nd4 Nc5 23. Be3 Qc8 24. Nxe6 Nxe6 25. Rxd6 Nd7 26. Rcd1 Ndc5 27. Qxc4
h6 28. e5 Nb7 29. Rc6 Qe8 30. Qe4 g6 31. f4 Na5 32. Rc3 R8b4 33. Qf3 Nc4 34. f5
Nxe3 35. Qxe3 gxf5 36. Qxh6 Rg4 37. Rh3 Rxg2+ 38. Kh1 Rg1+ 39. Rxg1+ 1-0

[Event "PRO League Group Stage"]
[Site "chess.com INT"]
[Date "2018.01.25"]
[Round "2"]
[White "Hansen, Torbjorn Ringdal"]
[Black "Kunte, Abhijit"]
[Result "1-0"]
[WhiteTitle "GM"]
[BlackTitle "GM"]
[WhiteElo "2410"]
[BlackElo "2499"]
[WhiteTeam "Norway Gnomes"]
[BlackTeam "Mumbai Movers"]
[WhiteFideId "1501720"]
[BlackFideId "5002265"]
[EventDate "2018.01.18"]

1. e4 c5 2. Nf3 e6 3. d4 cxd4 4. Nxd4 a6 5. c4 Nf6 6. Nc3 Qc7 7. Qd3 Nc6 8. Nxc6
dxc6 9. Be2 e5 10. Qg3 Be6 11. O-O h5 12. Bg5 Be7 13. Rad1 h4 14. Bxh4 Nxe4 15.
Nxe4 Bxh4 16. Qxg7 Ke7 17. Rd6 Rag8 18. Qxe5 Qb6 19. c5 Qb4 20. Rfd1 Ke8 21.
Rxe6+ fxe6 22. Qxe6+ Kf8 23. Qf5+ Ke8 24. Bh5+ Rxh5 25. Qxh5+ Kf8 26. Qxh4 1-0

[Event "PRO League Group Stage"]
[Site "chess.com INT"]
[Date "2018.01.25"]
[Round "2"]
[White "Vaibhav, Suri"]
[Black "Mihajlov, Sebastian"]
[Result "0-1"]
[WhiteTitle "GM"]
[BlackTitle "IM"]
[WhiteElo "2542"]
[BlackElo "2371"]
[WhiteTeam "Delhi Dynamite"]
[BlackTeam "Oslo Trolls"]
[WhiteFideId "5045185"]
[BlackFideId "1512110"]
[EventDate "2018.01.18"]

1. Nf3 Nf6 2. g3 g6 3. b3 Bg7 4. Bb2 d6 5. d4 Bf5 6. Bg2 Qc8 7. h3 O-O 8. c4 c6
9. Nc3 h5 10. Ng5 e5 11. dxe5 dxe5 12. O-O Rd8 13. Qe1 Bh6 14. h4 Na6 15. e4 Bd7
16. f4 Ng4 17. fxe5 Be6 18. Nd5 cxd5 19. cxd5 Bxg5 20. hxg5 Qc2 21. Bd4 Bd7 22.
Rc1 Qxa2 23. Bf3 Qh2# 0-1

[Event "PRO League Group Stage"]
[Site "chess.com INT"]
[Date "2018.01.25"]
[Round "2"]
[White "Vaibhav, Suri"]
[Black "Haug, Johannes"]
[Result "1-0"]
[WhiteTitle "GM"]
[BlackTitle "FM"]
[WhiteElo "2542"]
[BlackElo "2357"]
[WhiteTeam "Delhi Dynamite"]
[BlackTeam "Oslo Trolls"]
[WhiteFideId "5045185"]
[BlackFideId "1509268"]
[EventDate "2018.01.18"]

1. Nf3 Nf6 2. g3 b6 3. Bg2 Bb7 4. O-O e6 5. d3 d5 6. Nbd2 Be7 7. e4 c5 8. Re1
Nc6 9. e5 Nd7 10. c4 d4 11. Qe2 Qc7 12. Nf1 O-O-O 13. h4 h6 14. N1h2 Rdg8 15.
Ng4 Nd8 16. Bf4 g5 17. hxg5 hxg5 18. Bd2 Rh5 19. b4 Rgh8 20. bxc5 Bxc5 21. Nfh2
Nc6 22. f4 gxf4 23. Bxf4 Ne7 24. Bxb7+ Qxb7 25. Qg2 Nf5 26. Rad1 Bb4 27. Re2 Be7
28. Qxb7+ Kxb7 29. Kg2 Bg5 30. Nf3 Bxf4 31. gxf4 Rh3 32. Kf2 Rg3 33. Rg1 Rxg1
34. Kxg1 Rh3 35. Kf2 Nc5 36. Rd2 Kc6 37. Nf6 b5 38. cxb5+ Kxb5 39. Ne4 Na4 40.
Rc2 Kb4 41. Rc7 a5 42. Nd6 Nc5 43. a3+ Kxa3 44. Rxc5 Kb4 45. Rc4+ Kb3 46. Nxf5
exf5 47. Nxd4+ Kb2 48. Rc2+ Kb1 49. Rc3 1-0

[Event "PRO League Group Stage"]
[Site "chess.com INT"]
[Date "2018.01.25"]
[Round "2"]
[White "Ghosh, Diptayan"]
[Black "Hammer, Jon Ludvig"]
[Result "0-1"]
[WhiteTitle "GM"]
[BlackTitle "GM"]
[WhiteElo "2556"]
[BlackElo "2621"]
[WhiteTeam "Mumbai Movers"]
[BlackTeam "Norway Gnomes"]
[WhiteFideId "5045207"]
[BlackFideId "1503707"]
[EventDate "2018.01.18"]

1. Nf3 Nf6 2. g3 d5 3. Bg2 c6 4. O-O Bg4 5. h3 Bxf3 6. Bxf3 e6 7. d3 Bc5 8. e4
dxe4 9. dxe4 Qxd1 10. Rxd1 Nbd7 11. Nd2 O-O-O 12. Kg2 Ne5 13. Re1 Bb4 14. Re2 h5
15. a3 Be7 16. h4 Nfg4 17. Nb3 Bf6 18. c3 Rd3 19. Bxg4 hxg4 20. Bf4 Nf3 21. Nc5
Rdd8 22. e5 Be7 23. Ne4 Rh5 24. Nd6+ Bxd6 25. exd6 e5 26. Be3 Rxd6 27. Bxa7 g5
28. Rh1 f5 29. Bc5 Rd7 30. b4 gxh4 31. gxh4 f4 32. a4 Rxh4 33. Rxh4 Nxh4+ 34.
Kh2 Nf3+ 35. Kg2 Rd1 0-1

[Event "PRO League Group Stage"]
[Site "chess.com INT"]
[Date "2018.01.25"]
[Round "2"]
[White "Ghosh, Diptayan"]
[Black "Hansen, Torbjorn Ringdal"]
[Result "1-0"]
[WhiteTitle "GM"]
[BlackTitle "GM"]
[WhiteElo "2556"]
[BlackElo "2410"]
[WhiteTeam "Mumbai Movers"]
[BlackTeam "Norway Gnomes"]
[WhiteFideId "5045207"]
[BlackFideId "1501720"]
[EventDate "2018.01.18"]

1. Nf3 Nf6 2. g3 g6 3. Bg2 Bg7 4. O-O O-O 5. d4 d6 6. b3 e5 7. dxe5 dxe5 8. Ba3
Qxd1 9. Rxd1 Re8 10. c4 Nc6 11. Nc3 e4 12. Ne1 Bf5 13. Nc2 Ng4 14. Nd5 e3 15.
Ncxe3 Nxe3 16. fxe3 Rac8 17. Rac1 Be6 18. Kf2 Bxd5 19. Bxd5 Ne5 20. Bxb7 Ng4+
21. Kg1 Rb8 22. Bf3 Nxe3 23. Rd7 Rbd8 24. Rxd8 Rxd8 25. Bc5 Bd4 26. Bxd4 Rxd4
27. Kf2 Nd1+ 28. Ke1 Ne3 29. Rc3 Nf5 30. e3 Rd6 31. Be4 Ne7 32. c5 Re6 33. Bf3
Nf5 34. Kd2 Kf8 35. b4 Ra6 36. a3 Ke7 37. Bd5 h5 38. Rd3 h4 39. e4 Ng7 40. gxh4
Ne6 41. Ke3 Nd8 42. e5 f6 43. exf6+ Rxf6 44. Rd4 Rf1 45. Re4+ Kd7 46. Rg4 Ra1
47. Rxg6 Rxa3+ 48. Kd4 c6 49. Be4 a5 50. bxa5 Ne6+ 51. Ke5 Nxc5 52. Bxc6+ Ke7
53. Rg7+ Kf8 54. Ra7 Nb3 55. a6 Nc5 56. Ra8+ Kg7 57. a7 Nd3+ 58. Kd6 Nb4 59. Bb7
Nd3 60. Kc7 Nc5 61. Bd5 Kh7 62. Kb6 Nd7+ 63. Kc6 Ne5+ 64. Kb7 Ra5 65. Re8 Rb5+
66. Kc7 Rc5+ 67. Kd6 Ra5 68. Re7+ Kh8 69. Re8+ Kg7 70. a8=Q 1-0